Les Periodistes del temps de la República / Elvira Altés
ISBN:
978-84-9334-34-8-4
Descripción Física:
160 p. : il. ; 24 cm
Colección:
Vaixells de paper ; 32
MARC
| LEADER | 00000nam a2200000Ia 4500 | ||
|---|---|---|---|
| 001 | 19897 | ||
| 008 | 160829s2007 xx 000 0 cat d | ||
| 020 | |a 978-84-9334-34-8-4 | ||
| 080 | |a O-1-139 | ||
| 100 | |a Altés, Elvira |9 45590 | ||
| 245 | |a Les Periodistes del temps de la República / Elvira Altés | ||
| 260 | |a Barcelona : |b Col·legi de Periodistes de Catalunya, |c 2007 | ||
| 300 | |a 160 p. : |b il. ; |c 24 cm | ||
| 490 | |a Vaixells de paper ; 32 | ||
| 590 | |a Amb el suport de la Diputació de Barcelona. | ||
| 590 | |a A la coberta: Les Periodistes en el temps de la República. | ||
| 590 | |a Bibliografia | ||
| 650 | |a Dones periodistes |x Catalunya |9 45591 | ||
| 650 | |a Premsa |x Catalunya |x Història |x 1930-1939 |9 45592 | ||
| 650 | |a Revistes per a dones |9 48495 | ||
| 710 | 2 | |a Col·legi de Periodistes de Catalunya |9 52967 | |
| 710 | 1 | |a Barcelona (Catalunya : Província). |b Diputació |9 52408 | |
| 901 | |a Arxiu | ||
| 942 | |n 1 | ||
| 952 | |0 0 |1 0 |4 0 |6 O1139 |7 1 |9 52686 |a Arxiu |b Arxiu |d 2016-12-01 |l 0 |o O-1-139 |p 19897 |r 2016-12-01 00:00:00 |w 2016-12-01 |y ARXIU | ||
| 999 | |c 56535 |d 56535 | ||